Historia de las instituciones sociales y políticas de España y Portugal durante los siglos V a XIV / por Ernesto Mayer
Descripción Física:
2 v. : (330 i 294 p.) ; 25 cm
MARC
| LEADER | 00000nam a2200000Ia 4500 | ||
|---|---|---|---|
| 001 | 1598, 1599 | ||
| 003 | BGR | ||
| 005 | 20260324175304.0 | ||
| 008 | 160829s1925 xx 000 0 cat d | ||
| 080 | |a M-1-301, M-1-302 | ||
| 100 | |a Mayer, Ernst |9 25086 | ||
| 245 | |a Historia de las instituciones sociales y políticas de España y Portugal durante los siglos V a XIV / por Ernesto Mayer | ||
| 260 | |a Madrid : |b Publicaciones del Anuario de Historia del Derecho Español, |c 1925 | ||
| 300 | |a 2 v. : |b (330 i 294 p.) ; |c 25 cm | ||
| 590 | |a A la part superior de la portada: Junta para Ampliación de Estudios e Investigaciones Científicas. Centro de Estudios Históricos. | ||
| 650 | |a Espanya |x Política i govern |x S. V/XIV |9 25087 | ||
| 650 | |a Portugal |x Política i govern |x S. V/XIV |9 25088 | ||
| 710 | 2 | |a Junta para Ampliación de Estudios e Investigaciones Científicas |9 71282 |b Centro de Estudios Históricos | |
| 901 | |a Arxiu | ||
| 942 | |n 1 |2 udc |c MON | ||
| 952 | |0 0 |1 0 |4 0 |6 M1301_M1302 |7 1 |9 43441 |a Arxiu |b Arxiu |d 2016-12-01 |l 0 |o M-1-301, M-1-302 |p 1598, 1599 |r 2016-12-01 00:00:00 |w 2016-12-01 |y ARXIU | ||
| 999 | |c 45987 |d 45987 | ||